A HB. ON HOUSEKEEPING & DISINFECTION PRACTICE FOR HEALTH CARE FACILITIES (Record no. 33559)

MARC details
000 -LEADER
fixed length control field 00467nam a22001697a 4500
003 - CONTROL NUMBER IDENTIFIER
control field SGT
020 ## - INTERNATIONAL STANDARD BOOK NUMBER
International Standard Book Number 9789390020560
082 ## - DEWEY DECIMAL CLASSIFICATION NUMBER
Classification number 610
Item number H21G
100 ## - MAIN ENTRY--PERSONAL NAME
Personal name GUPTA, SHAKTI KUMAR
245 ## - TITLE STATEMENT
Title A HB. ON HOUSEKEEPING & DISINFECTION PRACTICE FOR HEALTH CARE FACILITIES
250 ## - EDITION STATEMENT
Edition statement 1ST
260 ## - PUBLICATION, DISTRIBUTION, ETC. (IMPRINT)
Place of publication, distribution, etc INDIA
Name of publisher, distributor, etc JAYPEE PUB
Year of Publication 2021
300 ## - PAGE DESCRIPTION
No. of Pages 218
650 ## - SUBJECT ADDED ENTRY--TOPICAL TERM
Topical term or geographic name as entry element MEDICAL BOOKS
653 ## - KEYWORDS--INDEX TERM
Keyword term HOUSEKEEPING & DISINFECTION PRACTICE
-- HEALTH CARE FACILITIES
942 ## - ADDED ENTRY ELEMENTS (KOHA)
Source of classification or shelving scheme Dewey Decimal Classification
Koha item type Books
Holdings
Withdrawn status Lost status Source of classification or shelving scheme Damaged status Not for loan Collection code Home library Current library Shelving location Date acquired Vendor Name SGTU Bill Number Total Checkouts Full call number Accession No. (Barcode) Date last seen Bill Date Koha item type
    Dewey Decimal Classification   Not For Loan MEDICAL SGT Medical Library SGT Medical Library Reference Book 29/11/2025 1595 SGTU 22053   610 H21G FM16007 27/01/2026 29/11/2025 Books
    Dewey Decimal Classification   Not For Loan MEDICAL SGT Medical Library SGT Medical Library Reference Book 29/11/2025 1595 SGTU 22053   610 H21G FM16008 27/01/2026 29/11/2025 Books
    Dewey Decimal Classification   Not For Loan MEDICAL SGT Medical Library SGT Medical Library Reference Book 29/11/2025 1595 SGTU 22053   610 H21G FM16009 27/01/2026 29/11/2025 Books